Statistics for 20 Times Table Game

Click here to take the quiz!

General Stats

  • This quiz has been taken 1,475 times
  • The average score is 19 of 20

Answer Stats

ProblemAnswer% Correct
20 x 120
98%
20 x 240
98%
20 x 5100
97%
20 x 6120
97%
20 x 7140
97%
20 x 8160
97%
20 x 10200
97%
20 x 360
97%
20 x 480
97%
20 x 9180
96%
20 x 11220
95%
20 x 12240
95%
20 x 13260
95%
20 x 14280
95%
20 x 15300
95%
20 x 16320
95%
20 x 17340
95%
20 x 18360
95%
20 x 20400
95%
20 x 19380
94%

Score Distribution

Percentile by Number Answered

Percent of People with Each Score

Your Score History

You have not taken this quiz